[Event "28th European Club Cup"]
[Site "Eilat ISR"]
[Date "2012.10.15"]
[Round "5.10"]
[White "Kurochkin, Victor"]
[Black "Kovalev, Vladislav"]
[Result "0-1"]
[BlackTitle "IM"]
[WhiteElo "2423"]
[BlackElo "2473"]
[WhiteTeam "Perfect"]
[BlackTeam "Vesnianka Gran"]
[WhiteFideId "4105168"]
[BlackFideId "13504398"]
[EventDate "2012.10.11"]
[EventType "team-swiss"]

1. d4 Nf6 2. Nf3 g6 3. Nbd2 d5 4. b4 Bg7 5. e3 O-O 6. Be2 b6 7. O-O c5 8. bxc5
bxc5 9. c4 cxd4 10. exd4 Nc6 11. Qa4 Bd7 12. Qa3 a5 13. Bb2 Nb4 14. Rac1 Be6 15.
Ne5 dxc4 16. Ndxc4 Bd5 17. Qa4 Bb7 18. a3 Nbd5 19. Bf3 Nb6 20. Nxb6 Qxb6 21. Bc3
Bxf3 22. Nxf3 Rfb8 23. Bd2 Qb3 24. Rc4 Qxa4 25. Rxa4 Ne4 26. Rc4 Nxd2 27. Nxd2
Rb2 28. Nf3 a4 29. h4 Rb3 30. Ra1 Bf6 31. Kf1 Kg7 32. Ke2 Rb2+ 33. Ke3 Ra6 34.
Rd1 Re6+ 35. Kd3 Rxf2 36. Rd2 Rxd2+ 37. Nxd2 Re1 38. Nf3 Rd1+ 39. Ke3 Rh1 40. d5
Ra1 41. Rxa4 Bb2 42. Ra7 Rxa3+ 43. Rxa3 Bxa3 44. g4 Bd6 45. Ke4 Bg3 46. Ke3 Kf6
47. Ke4 h5 48. gxh5 gxh5 49. Kd3 Kf5 0-1

[Event "28th European Club Cup"]
[Site "Eilat ISR"]
[Date "2012.10.15"]
[Round "5.10"]
[White "Gorovets, Andrey"]
[Black "Slavin, Gennadie"]
[Result "1-0"]
[WhiteTitle "IM"]
[WhiteElo "2459"]
[BlackElo "2300"]
[WhiteTeam "Vesnianka Gran"]
[BlackTeam "Perfect"]
[WhiteFideId "13504037"]
[BlackFideId "4104870"]
[EventDate "2012.10.11"]
[EventType "team-swiss"]

1. d4 d6 2. Nf3 Nf6 3. c4 Nbd7 4. Nc3 e5 5. e4 g6 6. Be2 Bg7 7. O-O O-O 8. Qc2
c6 9. d5 c5 10. Ne1 Ne8 11. Rb1 f5 12. f3 Ndf6 13. b4 b6 14. bxc5 bxc5 15. Nd3
Nh5 16. exf5 gxf5 17. f4 Nxf4 18. Nxf4 exf4 19. Bxf4 a6 20. Bd3 Ra7 21. Ne2 Raf7
22. Ng3 Bd4+ 23. Kh1 Ng7 24. Qe2 Re8 25. Qd2 Be5 26. Bg5 Bf6 27. Bh6 Be5 28. Rf3
Qh4 29. Bg5 Qd4 30. Rbf1 Ref8 31. Bf4 Bxf4 32. Rxf4 Qe5 33. Re1 Qf6 34. Qc2 Qg5
35. Ref1 Nh5 36. Nxh5 Qxh5 37. R1f3 Qh6 38. h3 Qh5 39. Qe2 Qh6 40. Qf2 Rf6 41.
Bxf5 Bxf5 42. Rxf5 Rxf5 43. Rxf5 Rxf5 44. Qxf5 Qc1+ 45. Kh2 Qxc4 46. Qe6+ Kg7
47. Qxd6 Qd4 48. Qe7+ Kg6 49. d6 Qf4+ 50. Kg1 Qd4+ 51. Kh1 Qf4 52. h4 Qc1+ 53.
Kh2 Qf4+ 54. Kh3 Qf5+ 55. Kg3 Qd3+ 56. Kh2 Qd4 57. d7 Qf4+ 58. Kh3 Qf5+ 59. Kg3
Qd3+ 60. Kh2 1-0

[Event "28th European Club Cup"]
[Site "Eilat ISR"]
[Date "2012.10.15"]
[Round "5.10"]
[White "Alekseev, Andrey"]
[Black "Mochalov, Evgeny V"]
[Result "0-1"]
[WhiteTitle "IM"]
[BlackTitle "IM"]
[WhiteElo "2340"]
[BlackElo "2403"]
[WhiteTeam "Perfect"]
[BlackTeam "Vesnianka Gran"]
[WhiteFideId "4106873"]
[BlackFideId "13500074"]
[EventDate "2012.10.11"]
[EventType "team-swiss"]

1. d4 Nf6 2. Nf3 g6 3. Nbd2 Bg7 4. e4 d6 5. c3 O-O 6. Be2 Nc6 7. O-O Nd7 8. a4
e5 9. dxe5 Ndxe5 10. Nxe5 Nxe5 11. f4 Nd7 12. Nc4 Re8 13. Qc2 Nc5 14. Bf3 Qe7
15. Nd2 f5 16. e5 dxe5 17. fxe5 Bxe5 18. Nc4 Bxh2+ 19. Kxh2 Qh4+ 20. Kg1 Qxc4
21. Bf4 Be6 22. Be2 Qb3 23. Qc1 Bf7 24. Bd1 Qb6 25. a5 Qc6 26. Be3 Bc4 27. Rf4
Nd3 28. Qd2 Nxf4 29. Bxf4 Qc5+ 30. Kh2 Rad8 0-1

[Event "28th European Club Cup"]
[Site "Eilat ISR"]
[Date "2012.10.15"]
[Round "5.11"]
[White "Volodin, Aleksandr"]
[Black "Koykka, Pekka"]
[Result "1-0"]
[WhiteTitle "GM"]
[WhiteElo "2509"]
[BlackElo "2242"]
[WhiteTeam "Team Viking"]
[BlackTeam "Tammer-Shakki"]
[WhiteFideId "4501950"]
[BlackFideId "504319"]
[EventDate "2012.10.11"]
[EventType "team-swiss"]

1. d4 Nf6 2. c4 e6 3. Nf3 c5 4. d5 exd5 5. cxd5 d6 6. Nc3 g6 7. Bf4 a6 8. e4 b5
9. Qe2 Be7 10. Qc2 O-O 11. a4 b4 12. Nb1 b3 13. Qd3 Re8 14. Be2 Bf8 15. Nfd2
Nbd7 16. Nc3 Rb8 17. O-O Rb4 18. Rfe1 Ne5 19. Qb1 Nfg4 20. Bxg4 Nxg4 21. Nf3 Bg7
22. h3 Nf6 23. Qd3 h6 24. Bg3 Nh5 25. Bh2 Bb7 26. Rad1 Qb6 27. a5 Qc7 28. Re2
Rd8 29. Ra1 Kh7 30. Ree1 Kg8 31. Nd2 Bd4 32. Nc4 Qe7 33. Ne2 Bg7 34. Rad1 Nf6
35. Nc3 Ne8 36. f4 Nc7 37. e5 Nb5 38. Nxb5 axb5 39. Nxd6 Rxd6 40. exd6 Qxd6 41.
f5 Qd7 42. fxg6 Rd4 43. gxf7+ Qxf7 44. Qxb3 Bxd5 45. Qg3 Kh7 46. Kh1 c4 47. a6
b4 48. Bg1 Rxd1 49. Rxd1 Be4 50. Qg4 Bc6 51. Rd6 1-0

[Event "28th European Club Cup"]
[Site "Eilat ISR"]
[Date "2012.10.15"]
[Round "5.11"]
[White "Kytoniemi, Jyrki"]
[Black "Lindberg, Bo"]
[Result "0-1"]
[WhiteTitle "FM"]
[BlackTitle "FM"]
[WhiteElo "2283"]
[BlackElo "2403"]
[WhiteTeam "Tammer-Shakki"]
[BlackTeam "Team Viking"]
[WhiteFideId "501425"]
[BlackFideId "1705997"]
[EventDate "2012.10.11"]
[EventType "team-swiss"]

1. Nf3 Nf6 2. g3 d5 3. Bg2 g6 4. O-O Bg7 5. c4 dxc4 6. Na3 Be6 7. Ng5 Bd5 8. e4
Bc6 9. e5 Bxg2 10. Kxg2 Qd5+ 11. Qf3 Qxf3+ 12. Nxf3 Nfd7 13. Nxc4 b5 14. Na3
Nxe5 15. Nxb5 Nxf3 16. Kxf3 Na6 17. a3 c6 18. Nc3 O-O-O 19. Re1 e5 20. b4 Nc7
21. Ra2 f5 22. Kg2 Ne6 23. f3 Rd3 24. Re3 Rhd8 25. Ne2 Kb7 26. Rc2 R3d5 27. Nc3
Nd4 28. Rb2 R5d6 29. Na4 Bf6 30. Nc5+ Kc8 31. Ra2 Rd5 32. Nb3 Nxb3 33. Rxb3 Kb7
34. Re3 R8d6 35. Rc2 Kb6 36. h4 h5 37. Rec3 g5 38. hxg5 Bxg5 39. f4 exf4 40. d3
Rg6 41. a4 Bh6 42. Kh3 Rxg3+ 43. Kh2 Rg6 44. b5 cxb5 45. axb5 Rxb5 46. Rc8 f3
47. Bxh6 Rxh6 48. Rb8+ Ka6 49. Ra2+ Ra5 50. Rf2 Rd6 51. Rxf3 Rd4 52. Re3 Rad5
53. Rb3 f4 54. Re1 Ra4 55. Re6+ Ka5 56. Rb7 a6 57. Rbb6 Rad4 58. Rxa6+ Kb4 59.
Rf6 Rg5 60. Rad6 Rxd6 61. Rxd6 Kc3 62. Rf6 Rg4 63. Rf5 Kxd3 64. Rxh5 f3 65. Ra5
Rg2+ 66. Kh1 Rg8 67. Ra3+ Ke2 68. Ra2+ Kf1 69. Ra1+ Kf2 70. Ra2+ Kg3 71. Ra7
Rh8+ 72. Kg1 f2+ 0-1

[Event "28th European Club Cup"]
[Site "Eilat ISR"]
[Date "2012.10.15"]
[Round "5.11"]
[White "Cramling, Dan"]
[Black "Natri, Antero"]
[Result "1-0"]
[WhiteTitle "IM"]
[WhiteElo "2360"]
[BlackElo "2219"]
[WhiteTeam "Team Viking"]
[BlackTeam "Tammer-Shakki"]
[WhiteFideId "1700162"]
[BlackFideId "500518"]
[EventDate "2012.10.11"]
[EventType "team-swiss"]

1. d4 d6 2. c4 e5 3. Nf3 Nd7 4. Nc3 Ngf6 5. e4 g6 6. Be2 Bg7 7. d5 Nc5 8. Qc2 a5
9. Bg5 O-O 10. Nd2 a4 11. O-O c6 12. b4 axb3 13. axb3 Rxa1 14. Rxa1 Na6 15. Na2
c5 16. Qc3 h6 17. Be3 Ne8 18. b4 f5 19. f3 Kh7 20. bxc5 Nxc5 21. Qa3 Rf7 22. Nc3
Nf6 23. Nb5 Bf8 24. Qa8 Nfd7 25. Rb1 Be7 26. Na7 Bg5 27. f4 Qa5 28. fxg5 Rf8 29.
exf5 Qc3 30. Nf1 Qc2 31. Re1 Qa2 32. Bxc5 Nxc5 33. Qb8 Ne4 34. Qc7+ Kh8 35. Nxc8
Qb2 36. Qb6 Qc3 37. Nxd6 Qxe1 38. Nxe4 Qxe2 39. Neg3 Qxc4 40. Qxg6 Qc5+ 41. Kh1
hxg5 42. Qh6+ Kg8 43. Qxg5+ Kh8 44. Nh5 Rf7 45. Qh6+ Kg8 46. Qg5+ Kh8 47. Nf6
Qf8 48. Qh4+ Kg7 49. Ng3 Qh8 50. Ngh5+ Kf8 51. Qb4+ Re7 52. d6 1-0

[Event "28th European Club Cup"]
[Site "Eilat ISR"]
[Date "2012.10.15"]
[Round "5.11"]
[White "Lehtioksa, Jorma"]
[Black "Sagit, Rauan"]
[Result "0-1"]
[BlackTitle "FM"]
[WhiteElo "2179"]
[BlackElo "2356"]
[WhiteTeam "Tammer-Shakki"]
[BlackTeam "Team Viking"]
[WhiteFideId "502200"]
[BlackFideId "1708376"]
[EventDate "2012.10.11"]
[EventType "team-swiss"]

1. Nf3 Nf6 2. c4 e6 3. Nc3 b6 4. g3 Bb7 5. Bg2 g6 6. d4 Bg7 7. O-O O-O 8. b3 d6
9. Bb2 Ne4 10. Nxe4 Bxe4 11. Qd2 a5 12. Rfd1 Nd7 13. Rac1 Qb8 14. a4 Qb7 15. Ne1
Bxg2 16. Nxg2 Rae8 17. Ba3 Ra8 18. Rc2 Rfc8 19. Rdc1 Bf8 20. Ne1 Qe4 21. Qd3 f5
22. f3 Qxd3 23. Nxd3 c5 24. Nf4 Kf7 25. d5 e5 26. Ng2 Nf6 27. Re1 e4 28. Bb2 Re8
29. Bxf6 Kxf6 30. f4 Kf7 31. e3 Be7 32. Kf2 Rg8 33. Rh1 Bf8 34. h3 Be7 35. Rcc1
Rg7 36. h4 h6 37. Rh3 Bf6 38. Rch1 Rh8 39. Ne1 Rgg8 40. Ng2 Ke7 41. Ne1 b5 42.
axb5 a4 43. bxa4 Ra8 44. Ng2 Rxa4 45. Rc1 Ra2+ 46. Kg1 Rha8 47. Rh1 Re2 48. Kh2
Raa2 49. Rhg1 Rxe3 50. Rge1 Rf3 51. Rf1 Kd7 52. Kh3 Bd4 53. Rxf3 exf3 54. Ne1
Ra3 55. Rb1 Rb3 56. Rd1 Rc3 57. Nxf3 Rxf3 58. Re1 g5 59. hxg5 hxg5 60. fxg5 Be5
61. Rb1 Rxg3+ 62. Kh4 Rg4+ 63. Kh5 Bf4 64. Kg6 Rxg5+ 65. Kf6 Rh5 66. b6 Kc8 67.
Kg6 Rh4 68. Kxf5 Be5 69. b7+ Kb8 70. Ke6 Rxc4 0-1

[Event "28th European Club Cup"]
[Site "Eilat ISR"]
[Date "2012.10.15"]
[Round "5.11"]
[White "Pettersson, Anders1"]
[Black "Kaatiala, Pekka"]
[Result "1-0"]
[WhiteElo "2274"]
[BlackElo "1946"]
[WhiteTeam "Team Viking"]
[BlackTeam "Tammer-Shakki"]
[WhiteFideId "1709771"]
[BlackFideId "506800"]
[EventDate "2012.10.11"]
[EventType "team-swiss"]

1. d4 d6 2. c4 e5 3. e3 Nd7 4. Bd3 Ngf6 5. Nc3 g6 6. Nge2 Bg7 7. O-O O-O 8. b4
c6 9. b5 d5 10. bxc6 bxc6 11. Ba3 dxc4 12. Bxc4 Re8 13. Qb3 Re7 14. Bxe7 Qxe7
15. Rab1 h5 16. d5 cxd5 17. Nxd5 Nxd5 18. Bxd5 Rb8 19. Qc2 Nb6 20. Bb3 Ba6 21.
e4 Rc8 22. Qd2 Kh7 23. Rfd1 Bh6 24. Qe1 h4 25. h3 Nc4 26. Nc3 Nb6 27. Nd5 Nxd5
28. Rxd5 Rc7 29. Qa5 Rc6 30. Qd8 Qxd8 31. Rxd8 Kg7 32. Rd7 Rf6 33. Bd5 1-0

[Event "28th European Club Cup"]
[Site "Eilat ISR"]
[Date "2012.10.15"]
[Round "5.12"]
[White "Roiz, Michael"]
[Black "Meribanov, Vitaly"]
[Result "1/2-1/2"]
[WhiteTitle "GM"]
[BlackTitle "FM"]
[WhiteElo "2618"]
[BlackElo "2407"]
[WhiteTeam "Beer Sheba"]
[BlackTeam "Ladia Minsk"]
[WhiteFideId "2804158"]
[BlackFideId "13504363"]
[EventDate "2012.10.11"]
[EventType "team-swiss"]

1. d4 Nf6 2. c4 e6 3. Nf3 b6 4. Nc3 Bb4 5. Qb3 Qe7 6. a3 Bxc3+ 7. Qxc3 Bb7 8. e3
d6 9. Be2 Nbd7 10. O-O O-O 11. b4 a5 12. Bb2 Ne4 13. Qc2 f5 14. d5 exd5 15. cxd5
Bxd5 16. Rad1 c6 17. Bc4 axb4 18. Rxd5 cxd5 19. Bxd5+ Kh8 20. Bxa8 bxa3 21. Bxa3
Rxa8 22. Bb2 Ne5 23. Nd4 Qd7 24. Rc1 Nc5 25. Rd1 Rf8 26. h3 f4 27. e4 f3 28. Nf5
Nxe4 29. Qxe4 Qxf5 30. Qxf5 Rxf5 31. Rxd6 Nf7 32. Rxb6 h5 33. Rg6 Ne5 34. Bxe5
Rxe5 35. gxf3 Kh7 36. Rd6 Rg5+ 37. Kf1 Re5 38. Rd4 Kh6 39. f4 Rb5 40. Kg2 Ra5
41. Rd6+ g6 42. Re6 Rf5 43. Kg3 Kg7 44. Re5 Rf6 45. f5 gxf5 46. Kh4 Kg6 47. f4
Rb6 48. Rc5 Ra6 49. Rc8 Ra3 50. Rc6+ Kf7 51. Kg5 Rxh3 52. Kxf5 Rb3 53. Rc7+ Kf8
54. Kg5 h4 55. Kxh4 Rb6 1/2-1/2

[Event "28th European Club Cup"]
[Site "Eilat ISR"]
[Date "2012.10.15"]
[Round "5.12"]
[White "Huzman, Alexander"]
[Black "Kocheev, Aleksandr"]
[Result "0-1"]
[WhiteTitle "GM"]
[WhiteElo "2591"]
[BlackElo "2324"]
[WhiteTeam "Beer Sheba"]
[BlackTeam "Ladia Minsk"]
[WhiteFideId "2803828"]
[BlackFideId "13507842"]
[EventDate "2012.10.11"]
[EventType "team-swiss"]

1. Nf3 d5 2. c4 Nf6 3. cxd5 Nxd5 4. d4 g6 5. e4 Nb6 6. Be2 Bg7 7. O-O Bg4 8.
Nbd2 O-O 9. h3 Be6 10. Nb3 Bxb3 11. Qxb3 Bxd4 12. Rd1 c5 13. Bh6 Re8 14. Nxd4
cxd4 15. a4 a5 16. e5 Nc6 17. e6 f5 18. Qb5 Nd5 19. Bf3 Ndb4 20. Qxb7 Rb8 21.
Qd7 Qxd7 22. exd7 Red8 23. Rac1 Rb6 24. Rc5 Rxd7 25. Rdc1 Rd6 26. Bf4 Re6 27.
Rd1 Kf7 28. h4 d3 29. Be3 Rb8 30. Bxc6 Nxc6 31. Rxd3 Rxb2 32. Rdc3 Ne5 33. f3
Ra2 34. Rxa5 Nc4 35. Rxc4 Rxe3 36. Kh2 Rxf3 0-1

[Event "28th European Club Cup"]
[Site "Eilat ISR"]
[Date "2012.10.15"]
[Round "5.12"]
[White "Harshkou, Mikita"]
[Black "Nabaty, Tamir"]
[Result "0-1"]
[BlackTitle "GM"]
[WhiteElo "2233"]
[BlackElo "2586"]
[WhiteTeam "Ladia Minsk"]
[BlackTeam "Beer Sheba"]
[WhiteFideId "13504770"]
[BlackFideId "2809052"]
[EventDate "2012.10.11"]
[EventType "team-swiss"]

1. d4 Nf6 2. Bg5 c6 3. Bxf6 gxf6 4. c4 Qb6 5. Qd2 f5 6. Nc3 Bg7 7. Nf3 e6 8. e3
d5 9. cxd5 cxd5 10. Bd3 Bd7 11. O-O Nc6 12. b4 Nxb4 13. Rfb1 Qd6 14. Be2 Rb8 15.
Ne5 Bxe5 16. dxe5 Qc5 17. Na4 Bxa4 18. Rxb4 b5 19. Rc1 Qe7 20. Bxb5+ Bxb5 21.
Qb2 a6 22. a4 O-O 23. axb5 Rb6 24. Rc6 Rfb8 25. Rxb6 Rxb6 26. g3 Qc5 27. Qd2
Rxb5 28. e4 Kf8 29. Qg5 Ke8 30. Rxb5 Qxb5 31. exf5 Qb1+ 32. Kg2 Qe4+ 33. Kg1
Qxe5 34. Qg8+ Ke7 35. fxe6 Qxe6 36. Qxh7 Qe1+ 37. Kg2 Qe4+ 38. Qxe4+ dxe4 39.
Kf1 Kf6 40. Ke2 a5 41. Kd2 Kg5 42. h3 f5 43. Ke3 a4 44. Kd4 f4 45. gxf4+ Kxf4
46. Kc4 Kf3 47. h4 Kg4 0-1

[Event "28th European Club Cup"]
[Site "Eilat ISR"]
[Date "2012.10.15"]
[Round "5.12"]
[White "Postny, Evgeny"]
[Black "Terzi, Alexei"]
[Result "1-0"]
[WhiteTitle "GM"]
[WhiteElo "2647"]
[BlackElo "2115"]
[WhiteTeam "Beer Sheba"]
[BlackTeam "Ladia Minsk"]
[WhiteFideId "2804344"]
[BlackFideId "13505076"]
[EventDate "2012.10.11"]
[EventType "team-swiss"]

1. d4 Nf6 2. c4 e6 3. g3 Bb4+ 4. Bd2 Qe7 5. Nf3 Nc6 6. Nc3 Bxc3 7. Bxc3 Ne4 8.
Rc1 O-O 9. Bg2 Nxc3 10. Rxc3 d6 11. d5 Nb8 12. dxe6 fxe6 13. O-O c6 14. Qd2 d5
15. e4 dxc4 16. e5 Rd8 17. Qf4 Nd7 18. Qxc4 Nb6 19. Qg4 h6 20. Nh4 Qg5 21. Qe4
Qd2 22. Qg6 Qg5 23. Qe4 Qd2 24. Qb1 Nd5 25. Rb3 Qg5 26. Be4 Ne7 27. Rd1 Rxd1+
28. Qxd1 Nd5 29. Bb1 Qxe5 30. Qd3 Kf7 31. Qh7 Ke8 32. Rf3 Qxb2 33. Qg8+ Kd7 34.
Rf7+ Ne7 35. Bd3 1-0

[Event "28th European Club Cup"]
[Site "Eilat ISR"]
[Date "2012.10.15"]
[Round "5.12"]
[White "Sheremet, Anton"]
[Black "Greenfeld, Alon"]
[Result "0-1"]
[BlackTitle "GM"]
[WhiteElo "2095"]
[BlackElo "2559"]
[WhiteTeam "Ladia Minsk"]
[BlackTeam "Beer Sheba"]
[WhiteFideId "13504452"]
[BlackFideId "2800039"]
[EventDate "2012.10.11"]
[EventType "team-swiss"]

1. c4 Nf6 2. Nc3 c5 3. g3 e6 4. Nf3 Nc6 5. Bg2 d5 6. cxd5 Nxd5 7. O-O Be7 8.
Nxd5 exd5 9. d4 O-O 10. b3 Bg4 11. dxc5 Bxc5 12. Bb2 d4 13. Rc1 Bb6 14. Rc4 Qe7
15. Qc1 Rfe8 16. Qf4 Qxe2 17. Bxd4 Re4 18. Qxe4 Qxe4 19. Bxb6 Qe2 20. Nd4 Nxd4
21. Bxd4 Bf3 22. Rfc1 h5 23. Bf1 Qe6 24. Bc3 Re8 25. Rf4 Bc6 26. Rd1 b5 27. Rfd4
Qf5 28. R4d3 a6 29. Bd4 f6 30. Rc1 Bb7 31. a4 Rd8 32. f3 Bxf3 33. axb5 axb5 34.
Rd2 Qg5 35. Rcc2 Rxd4 36. Rc8+ Kh7 37. Bd3+ g6 0-1

[Event "28th European Club Cup"]
[Site "Eilat ISR"]
[Date "2012.10.15"]
[Round "5.13"]
[White "Nakar, Eylon"]
[Black "Vuilleumier, Alexandre"]
[Result "1-0"]
[WhiteTitle "IM"]
[BlackTitle "IM"]
[WhiteElo "2397"]
[BlackElo "2326"]
[WhiteTeam "Petach Tikva"]
[BlackTeam "Club d'Echecs Genève"]
[WhiteFideId "2811111"]
[BlackFideId "1305662"]
[EventDate "2012.10.11"]
[EventType "team-swiss"]

1. e4 c5 2. Nf3 d6 3. d4 cxd4 4. Nxd4 Nf6 5. Nc3 g6 6. Be3 Bg7 7. Be2 O-O 8. Qd2
Nc6 9. O-O-O Ng4 10. Bxg4 Bxg4 11. f3 Bd7 12. Nxc6 bxc6 13. Bh6 Bxh6 14. Qxh6
Rb8 15. h4 f6 16. b3 Qa5 17. Kb2 Rb7 18. g4 Rf7 19. Rhg1 Qd8 20. Qe3 Qb6 21. Qd2
Be8 22. f4 Qc5 23. Rg2 a5 24. a3 Rf8 25. g5 f5 26. Re2 Bf7 27. e5 Rfb8 28. e6
Be8 29. Ka2 Qa7 30. Qd3 c5 31. Nd5 a4 32. b4 Bc6 33. c3 cxb4 34. axb4 a3 35. h5
Qa4 36. hxg6 hxg6 37. Rh2 Qb5 38. Qxb5 Bxb5 39. Rdh1 Bc4+ 40. Ka1 1-0

[Event "28th European Club Cup"]
[Site "Eilat ISR"]
[Date "2012.10.15"]
[Round "5.13"]
[White "Gerber, Richard"]
[Black "Steinberg, Nitzan"]
[Result "1/2-1/2"]
[WhiteTitle "IM"]
[WhiteElo "2421"]
[BlackElo "2370"]
[WhiteTeam "Club d'Echecs Genève"]
[BlackTeam "Petach Tikva"]
[WhiteFideId "1300652"]
[BlackFideId "2801795"]
[EventDate "2012.10.11"]
[EventType "team-swiss"]

1. Nf3 Nf6 2. c4 e6 3. g3 d5 4. b3 Be7 5. Bg2 a5 6. O-O O-O 7. Ba3 Bxa3 8. Nxa3
e5 9. cxd5 e4 10. Nd4 Qxd5 11. Ndb5 Qe5 12. Qc2 Na6 13. Nc3 Nb4 14. Qb1 Bf5 15.
Nc4 Qe7 16. a3 Nc6 17. Ne3 Bg6 18. Nb5 Qe5 19. a4 Rad8 20. Qc1 Rd7 21. Bh3 Re7
22. Bg2 Rd7 23. Bh3 Re7 24. Bg2 Rd8 25. Re1 Nd5 26. Nxd5 Qxd5 27. d3 Qxb3 28.
dxe4 Bxe4 29. Bxe4 Rxe4 30. Rb1 Qc4 31. Qxc4 Rxc4 32. Nxc7 Rxa4 33. Rxb7 Rc4 34.
Nb5 h6 35. Rc7 Rd2 36. Kf1 a4 37. Ra1 Rdc2 38. Na3 Rc1+ 39. Rxc1 Rxc1+ 40. Kg2
Rc3 41. Nb5 Rc2 42. Na3 Rc3 1/2-1/2

[Event "28th European Club Cup"]
[Site "Eilat ISR"]
[Date "2012.10.15"]
[Round "5.13"]
[White "Bar, Roman"]
[Black "Duport, Nicolas"]
[Result "1-0"]
[WhiteTitle "IM"]
[WhiteElo "2468"]
[BlackElo "2199"]
[WhiteTeam "Petach Tikva"]
[BlackTeam "Club d'Echecs Genève"]
[WhiteFideId "2803879"]
[BlackFideId "1314424"]
[EventDate "2012.10.11"]
[EventType "team-swiss"]

1. e4 e6 2. Qe2 e5 3. Nf3 Nc6 4. g3 Nf6 5. Bg2 Bc5 6. O-O O-O 7. d3 Re8 8. c4 d6
9. Be3 h6 10. Nc3 a5 11. h3 Nh7 12. Nb5 Ng5 13. Nxg5 hxg5 14. Qh5 Bxe3 15. fxe3
Be6 16. Nc3 Nb4 17. Qe2 c6 18. d4 f6 19. Rad1 Qc7 20. h4 g4 21. Rd2 Rad8 22.
Rfd1 Qe7 23. d5 Bc8 24. Na4 Qc7 25. c5 Na6 26. Qc4 Nxc5 27. Nxc5 dxc5 28. d6+
Qf7 29. Qxf7+ Kxf7 30. d7 Bxd7 31. Rxd7+ Rxd7 32. Rxd7+ Re7 33. Rd2 Ke6 34. Bf1
Rd7 35. Bc4+ Ke7 36. Rxd7+ Kxd7 37. a4 1-0

[Event "28th European Club Cup"]
[Site "Eilat ISR"]
[Date "2012.10.15"]
[Round "5.13"]
[White "Preissmann, Emmanuel"]
[Black "Botvinnik, Mikhail"]
[Result "1/2-1/2"]
[WhiteTitle "FM"]
[WhiteElo "2222"]
[BlackElo "2340"]
[WhiteTeam "Club d'Echecs Genève"]
[BlackTeam "Petach Tikva"]
[WhiteFideId "1300342"]
[BlackFideId "2805650"]
[EventDate "2012.10.11"]
[EventType "team-swiss"]

1. e4 d5 2. exd5 Qxd5 3. Nf3 Nf6 4. Be2 Bg4 5. h3 Bh5 6. d4 e6 7. O-O c6 8. c4
Qd6 9. Qb3 Qb4 10. Qe3 Be7 11. b3 Qb6 12. Nc3 Nbd7 13. Bb2 O-O 14. Rfe1 Rfe8 15.
Qf4 c5 16. Ne5 Bxe2 17. Nxe2 cxd4 18. Nxd4 Nxe5 19. Qxe5 Rad8 20. Nf3 Qd6 21.
Qe3 a6 22. Bd4 Nd7 23. Rad1 Qc7 24. Re2 Bb4 25. Bc3 Bxc3 26. Qxc3 Nf6 27. Rxd8
Rxd8 28. Rd2 Rc8 29. Qd3 h6 30. Qd4 b5 31. Ne5 bxc4 32. bxc4 Qc5 33. Qxc5 Rxc5
34. Rd8+ Kh7 35. Nxf7 Kg6 36. Nd6 Ra5 37. Rc8 Rxa2 38. c5 Ra1+ 39. Kh2 a5 40. c6
Rc1 41. c7 Nd5 42. Nb5 Rc5 43. Ra8 Nxc7 1/2-1/2

[Event "28th European Club Cup"]
[Site "Eilat ISR"]
[Date "2012.10.15"]
[Round "5.13"]
[White "Chernomordik, Pavel"]
[Black "Kovacevic, Vladimir"]
[Result "1/2-1/2"]
[WhiteTitle "FM"]
[WhiteElo "2274"]
[BlackElo "2210"]
[WhiteTeam "Petach Tikva"]
[BlackTeam "Club d'Echecs Genève"]
[WhiteFideId "2804530"]
[BlackFideId "906662"]
[EventDate "2012.10.11"]
[EventType "team-swiss"]

1. e4 e6 2. Nc3 d5 3. d4 Bb4 4. Ne2 dxe4 5. a3 Be7 6. Nxe4 Nf6 7. Qd3 O-O 8.
N2g3 Nc6 9. Nxf6+ Bxf6 10. c3 a5 11. Be2 a4 12. f4 Na5 13. Be3 b6 14. Qc2 Bb7
15. O-O Nb3 16. Rad1 g6 17. Ne4 Bg7 18. Nd2 Bd5 19. Nf3 Qe8 20. Ne5 f6 21. Nd3
b5 22. Nb4 Na5 23. Rde1 c6 24. Bc1 Qd7 25. Bf3 Rfe8 26. Bg4 Bb3 27. Qb1 Bc4 28.
Rf2 Bf8 29. Be3 Kg7 30. Qd1 Bb3 31. Qf3 f5 32. Bh3 Bxb4 33. axb4 Bd5 34. Qe2 Nc4
35. Bc1 Be4 36. g3 Qd5 37. Bf1 Kf7 38. Qd1 Nb6 39. Re3 Qb3 40. Qe1 Qd5 41. Qd1 1/2-1/2

[Event "28th European Club Cup"]
[Site "Eilat ISR"]
[Date "2012.10.15"]
[Round "5.15"]
[White "Williams, Simon K"]
[Black "Sammalvuo, Tapani"]
[Result "1-0"]
[WhiteTitle "GM"]
[BlackTitle "IM"]
[WhiteElo "2496"]
[BlackElo "2466"]
[WhiteTeam "Jutes of Kent"]
[BlackTeam "Shakkivelhot"]
[WhiteFideId "404454"]
[BlackFideId "501115"]
[EventDate "2012.10.11"]
[EventType "team-swiss"]

1. d4 Nf6 2. c4 e6 3. Nf3 b6 4. g3 Ba6 5. Qc2 c5 6. d5 exd5 7. cxd5 Bb7 8. e4
Qe7 9. Bd3 Nxd5 10. a3 Nc7 11. O-O Qd8 12. b4 cxb4 13. Bb2 Nc6 14. Bc4 Ne6 15.
Nh4 Qc7 16. Bd5 Rc8 17. Rc1 Bc5 18. Nf5 O-O 19. Qd1 bxa3 20. Nxa3 d6 21. Bxg7
Nxg7 22. Qg4 Bd4 23. Nxd4 h5 24. Qd1 Qd7 25. Qa4 Ne6 26. Nf5 Ng7 27. Nxg7 Kxg7
28. Nc2 Rc7 29. Ne3 Rfc8 30. Nf5+ Kg6 31. Rd1 f6 32. Qb3 Nd8 33. Qe3 Qh7 34.
Nxd6 Qe7 35. Bxb7 1-0

[Event "28th European Club Cup"]
[Site "Eilat ISR"]
[Date "2012.10.15"]
[Round "5.15"]
[White "Stebbings, Anthony J"]
[Black "Kosmo, Santul"]
[Result "1/2-1/2"]
[WhiteElo "2256"]
[BlackElo "2212"]
[WhiteTeam "Jutes of Kent"]
[BlackTeam "Shakkivelhot"]
[WhiteFideId "402427"]
[BlackFideId "504173"]
[EventDate "2012.10.11"]
[EventType "team-swiss"]

1. d4 Nf6 2. c4 c5 3. Nf3 e6 4. Nc3 cxd4 5. Nxd4 Bb4 6. g3 Ne4 7. Qd3 Bxc3+ 8.
bxc3 Nc5 9. Qe3 d6 10. Bg2 O-O 11. Ba3 Nbd7 12. O-O Nb6 13. Bxc5 dxc5 14. Nb3
Nd7 15. Nxc5 Qc7 16. Nb3 Qxc4 17. Rfd1 a5 18. Rab1 a4 19. Rd4 Qc7 20. Nd2 Ra5
21. Rdb4 b6 22. c4 Bb7 23. Bxb7 Qxb7 24. Qd4 Qc6 25. f3 h6 26. a3 Rfa8 27. Kg2
Rc8 28. R1b2 Rca8 29. Rb1 Rc8 30. R1b2 Rca8 31. Rb1 Rc8 1/2-1/2